000 nam a22 7a 4500
999 _c1325
_d1325
005 20170509100917.0
008 170509b1995 io ||||| |||| 00| 0 may d
020 _a9798100026
040 _aAKMAL
082 _a297.63 HAE
090 _a297.63
_bHAE
100 1 _aHaekal, Muhammad Husain
_92609
245 1 0 _aSejarah hidup Nabi Muhammad /
_cMuhammad Husain Haekal ; diterjemahkan oleh Ali Audah
250 _aEdisi ke-18
260 _aJakarta
_bLitera AntarNusa
_cJun, 1995
300 _a697ms
_c22cm
504 _aIncludes bibliographical references and index
600 0 0 _aMuhammad,
_cProphet,
_d-632
_91135
650 1 0 _aIslam
_9922
942 _2ddc
_cBOOK